| 000 | 00873 a2200193 4500 | ||
|---|---|---|---|
| 003 | Nust | ||
| 005 | 20230530123936.0 | ||
| 020 | _a8177223461 | ||
| 040 | _cNust | ||
| 082 | _a005.133,MAU | ||
| 100 |
_aMausil Singh, Suneet _9112871 |
||
| 245 |
_aGAME Programming in C/C ++ (Include CD) : _bA bieginner's Guide / _cSuneet Mausil Singh |
||
| 260 |
_aNew Delhi _bDream Tech _c2003: |
||
| 300 | _a384:p | ||
| 505 | _aGet Programming (Page-9), Graphics in C/ C++ (Page-17), Scanning Inputs Devices (Page-25), GUI Wizard (Page-31), Animation (Page-59), TetriX (Page-81), Glutton (Page-105), Tank (Page-169), Mine Detector (Page-243), Tryster (Page-269), Chess the Drosophila of AI (Page-309),Try to Make Them (Page-347), Review & Types (Page-367), What’s Ahead (Page-377). | ||
| 650 |
_aProgramming in C/C ++ _9112872 |
||
| 651 |
_a(Include CD) _98953 |
||
| 942 |
_2ddc _cBKB |
||
| 999 |
_c179471 _d179471 |
||